000 00294nam a2200121Ia 4500
008 241002s9999 xx 000 0 und d
082 _a921.2 RUS
100 _aRussell, Bertrand
245 4 _aThe Autobiography of Bertand Russell
260 _aLondon:
_c1971
600 _aHistory
942 _cUC
999 _c18813
_d18813